Teorías del desarrollo económico /
| Call Number: | HB171 A3.18 |
|---|---|
| Main Author: | |
| Format: | Book |
| Language: | Español |
| Published: |
México :
FCE,
1964.
|
| Series: | Obras de Economía
|
| Subjects: |
MARC
| LEADER | 00000nam a2900000 4500 | ||
|---|---|---|---|
| 001 | 000076629 | ||
| 005 | 20071009094100.0 | ||
| 008 | 990705s1964 a 000 spa d | ||
| 020 | |a 9681600908 | ||
| 050 | 4 | |a HB171 |b A3.18 | |
| 090 | |a HB171 |b A3.18 | ||
| 100 | 1 | |a Adelman, Irma | |
| 245 | 1 | 0 | |a Teorías del desarrollo económico / |c Adelman, Irma. |
| 260 | |a México : |b FCE, |c 1964. | ||
| 300 | |a 171 p. : |b il. ; |c 21 cm. | ||
| 440 | 0 | |a Obras de Economía | |
| 650 | 4 | |a Desarrollo económico | |
| 905 | |a LIBROS | ||
| 949 | |a Biblioteca UAM Iztapalapa |b Colección General |c HB171 A3.18 | ||


